The impartial role of a project manager (Record no. 75532)
[ view plain ]
| 000 -LEADER | |
|---|---|
| fixed length control field | 01217cab a2200217 4500 |
| 001 - CONTROL NUMBER | |
| control field | L130295 |
| 008 - FIXED-LENGTH DATA ELEMENTS--GENERAL INFORMATION | |
| fixed length control field | 050713n2005 000 0 eng u |
| 035 ## - SYSTEM CONTROL NUMBER | |
| System control number | (Sirsi) u130295 |
| 041 ## - LANGUAGE CODE | |
| Language code of text/sound track or separate title | eng |
| 100 ## - MAIN ENTRY--PERSONAL NAME | |
| Personal name | Brewer, Geoff |
| 245 #4 - TITLE STATEMENT | |
| Title | The impartial role of a project manager |
| 260 ## - PUBLICATION, DISTRIBUTION, ETC. | |
| Date of publication, distribution, etc. | 2005 |
| 490 ## - SERIES STATEMENT | |
| Series statement | Contract Journal |
| Volume/sequential designation | 429(6531) 29 June 2005, 30(1) |
| 520 ## - SUMMARY, ETC. | |
| Summary, etc. | Discusses the case "Costain Ltd and others v Bechtel Ltd" ([2005] EWHC 1018 (TCC), unreported) concerning the duties of a project manager under the NEC contract. Costain, (C) operating as part of a consortium, Corber, had shown that they had serious issues to be tried over Bechtel's policy of administering the contract unfairly and adversely. However, when it came to the question of balance of convenience, C had failed to show that it was appropriate to grant an interim injunction. The case implies that a project manager needs to act impartially and in good faith. |
| 590 ## - LOCAL NOTE (RLIN) | |
| Local note | IKA190705 |
| 650 ## - SUBJECT ADDED ENTRY--TOPICAL TERM | |
| Topical term or geographic name entry element | Costain Ltd and others v Bechtel Ltd |
| 650 ## - SUBJECT ADDED ENTRY--TOPICAL TERM | |
| Topical term or geographic name entry element | SUTCLIFFE V THACKRAH |
| 650 ## - SUBJECT ADDED ENTRY--TOPICAL TERM | |
| Topical term or geographic name entry element | AMERICAN CYANAMID CO V ETHICON LTD |
| 690 ## - LOCAL SUBJECT ADDED ENTRY--TOPICAL TERM (OCLC, RLIN) | |
| Topical term or geographic name as entry element | BUILT ENVIRONMENT-BUILDING CONTRACT FORMS-STANDARD FORMS OF BUILDING CONTRACT |
| 942 ## - ADDED ENTRY ELEMENTS (KOHA) | |
| Suppress in OPAC | 0 |
| Withdrawn status | Lost status | Source of classification or shelving scheme | Damaged status | Not for loan | Home library | Current library | Shelving location | Date acquired | Total Checkouts | Full call number | Barcode | Date last seen | Copy number | Price effective from | Koha item type |
|---|---|---|---|---|---|---|---|---|---|---|---|---|---|---|---|
| Dewey Decimal Classification | London | London | Journal article | 13/07/2005 | L130295 | 130295-1001 | 06/08/2019 | 1 | 06/08/2019 | Journal article |